000 01337nam a2200385 a 4500
001 48577
003 FlNmELB
005 20241216231947.0
006 m o d |
007 cr cn|||||||||
008 201111r2010 sp |||||s|||||||||||cat d
020 _z9788479426170
035 _a(MiAaPQ)EBC3195657
035 _a(Au-PeEL)EBL3195657
035 _a(CaPaEBR)ebr10505328
035 _a(OCoLC)1105450781
040 _aFlNmELB
_bspa
_cFlNmELB
050 4 _aQA75.5
_bC112 2010
080 _a651.01:004
082 0 4 _a004
_222
100 1 _aCaballero, Pilar.
245 1 0 _aTractament informa tic de la informaci{acute}o
_h[recurso electronico] /
_cPilar Caballero, C{acute}esar Mena, Jos{acute}e Murillo.
260 _a[Madrid] :
_bMacmillan Iberia,
_c[2010]
300 _a334 p.
440 0 _aMacmillan profesional
533 _aRecurso electr{acute}onico. Santa Fe, Arg.: e-libro, 2015. Disponible v{acute}ia World Wide Web. El acceso puede estar limitado para las bibliotecas afiliadas a e-libro.
650 0 _aOfim{acute}atica.
650 0 _aElectronic data processing.
653 _aOfimatica
655 4 _aLibros electr{acute}onicos.
700 1 _aMena, C{acute}esar.
700 1 _aMurillo, Jos{acute}e.
710 2 _ae-libro, Corp.
856 4 0 _uhttps://elibro.net/ereader/politecnicointernacional/52826
999 _c48577
_d48577